Orar la palabra : introducción a la "Lectio Divina" / Enzo Bianchi

Salvato in:
Dettagli Bibliografici
Autore principale: Bianchi, Enzo (autor)
Natura: Libro
Edizione:2a ed
Soggetti:
Tags: Aggiungi Tag
Nessun Tag, puoi essere il primo ad aggiungerne!!

MARC

LEADER 00000nam^a2200000^u^4500
001 000553195
005 20250521000000.0
008 060220s1000^^^^^^^^^^^^r^^^^^000^0^spa^d
009 20260310131631.898
022 |a 9869010175 
035 |a FMI 000022987 
037 |a Acervo Xavier Clavigero 
096 |a 4.3/134/A 
100 |a Bianchi, Enzo  |e (autor) 
245 1 0 |a Orar la palabra : introducción a la "Lectio Divina" / Enzo Bianchi 
250 |a 2a ed 
264 |a Guadalajara, México : Instituto Bíblico Católic, 1994 
300 |a 103 p 
336 |a texto  |b txt  |2 rdacontenido 
337 |a sin mediación  |b n  |2 rdamedio 
338 |a volumen  |b nc  |2 rdasoporte 
649 |a XX 
650 |a Oración 
910 |a Fondo Francisco Migoya Covarrubias S.J. 
920 |a Impresos - Libros 
930 |a Fondos Especiales 
905 |a 134 
901 |a SBC30429  |b IT2  |c ESP  |u 20250521 
902 |a https://opac.biblio.iteso.mx/vufind/Record/000553195